Reversed-phase high-performance liquid chromatography : theory, practice, and biomedical applications /

Bibliographic Details
Main Author: Krstulović, Ante M.
Other Authors: Brown, Phyllis R.
Format: Book
Language:English
Published: New York : Wiley, [1982]
Subjects:

MARC

Tag First Indicator Second Indicator Subfields
LEADER 00000cam a2200000 a 4500
001 in00000088252
005 20151008063114.0
008 810928s1982 nyua b 00110 eng
010 |a  81015944  
020 |a 0471053694 
035 |a (OCoLC)07875658 
035 |9 AAK1587AM 
039 0 |a 2  |b 3  |c 3  |d 3  |e 3 
040 |a DLC  |c DLC  |d WAU  |d TXA  |d UtOrBLW 
049 |a TXAM  |c [985741] 
050 0 0 |a QP519.9 L55  |b  K77 1982 
082 0 |a 574.19/285  |2 19 
096 |a QU 25 K93r 1982 
100 1 |a Krstulović, Ante M. 
245 1 0 |a Reversed-phase high-performance liquid chromatography :  |b theory, practice, and biomedical applications /  |c Ante M. Krstulovic, Phyllis R. Brown. 
264 1 |a New York :  |b Wiley,  |c [1982] 
264 4 |c ©1982 
300 |a xi, 296 pages :  |b illustrations ;  |c 24 cm. 
336 |a text  |b txt  |2 rdacontent 
337 |a unmediated  |b n  |2 rdamedia 
338 |a volume  |b nc  |2 rdacarrier 
500 |a "A Wiley-Interscience publication." 
504 |a Includes bibliographical references and index. 
650 0 |a Liquid chromatography. 
650 0 |a Biochemistry  |x Technique. 
650 2 |a Chromatography, High Pressure Liquid  |x methods. 
650 2 |a Chemistry, Analytic  |x methods. 
700 1 |a Brown, Phyllis R. 
999 |a MARS 
999 f f |s 6d224676-3efb-3e7e-95f3-79837f5abbf9  |i 2d930298-4212-3b16-a9e2-5fc95f924113  |t 0 
952 f f |p ric  |a Texas A&M University  |b Rellis Campus  |c Joint Library Facility  |d Remote Storage  |t 0  |e QP519.9 L55 K77 1982  |h Library of Congress classification  |i unmediated -- volume  |m A14805974879 
998 f f |a QP519.9 L55 K77 1982  |t 0  |l Remote Storage